| 000 | 00558nam a2200181 i 4500 | ||
|---|---|---|---|
| 001 | 94718 | ||
| 003 | ES-MaACL | ||
| 005 | 20230906181535.0 | ||
| 007 | t| | ||
| 008 | 050512s1979 sp ||||1| spa d | ||
| 100 | 1 |
_aLozano, Arminda. _974408 |
|
| 245 | 1 | 0 |
_aEdad Antigua y Media _b: análisis y comentarios de textos. Vol.I / _cArminda Lozano, Emilio Mitre Fernández. |
| 250 | _a[1ª ed.]. | ||
| 260 |
_aMadrid : _bAlhambra, _c1979. |
||
| 300 |
_aX, 238 p. ; _c24 cm. |
||
| 700 | 1 |
_aMitre Fernández, Emilio. _981707 |
|
| 852 |
_aES-MaACL _jA-9934 _bR.99161 |
||
| 999 |
_c94718 _d94718 |
||